000 01691cam a22004217a 4500
003 CHAP
005 20220817043507.0
008 981105d1995 mx r 10110 spa d
010 _a76624
011 _a77596
020 _a9686201106
035 _a87205
040 _cCHAP
082 0 4 _a631.4063
_bC7 1995
111 0 0 _aCongreso Nacional de la Ciencia del Suelo (
_n26 :
_d1995 :
_cCd. Victoria, Tamps.)
_927065
245 1 3 _aLa investigación edafológica en México
_c/por Sociedad Mexicana de la Ciencia del Suelo
260 _aCd. Victoria, Tamps.
_bSociedad Mexicana de la Ciencia del Suelo,
_c1995.
300 _a226 p. :
_bgráfs. ; cuadros ; tablas
590 _aBATCH-UPD
_b10
_c20130109
_lUCH01
_h2357
590 _aBATCH-UPD
_b10
_c20130110
_lUCH01
_h0238
590 _aBATCH-UPD
_b10
_c20130110
_lUCH01
_h1524
590 _aBATCH-UPD
_b10
_c20130409
_lUCH01
_h1931
590 _aBATCH-UPD
_b10
_c20130410
_lUCH01
_h0934
590 _aBATCH-UPD
_b10
_c20130914
_lUCH01
_h1851
590 _aCONVERSION
_b10
_c20130109
_lUCH01
_h1342
650 1 4 _aSuelos
_xCongresos.
_9110281
650 1 4 _aSuelos
_xInvestigación.
_9110405
650 1 4 _aSuelos
_xMéxico.
_9110441
700 0 _aOrdaz Chaparro, Víctor M.
_983409
700 0 _aTovar Salinas, Jorge Leonardo.
_9114421
710 0 _aSociedad Mexicana de la Ciencia del Suelo.
901 _aBK
905 _aMarco A. Mendoza T.
942 _cLIBRO
949 _a631.4063 C7 1995
_bBC
_cCONG
_d33724000709788
_eCONG
_fc.3
_h93550
_i87205
_kDonaciØn
_sb
949 _a631.4063 C7 1995
_bBC
_cLIBRO
_d33724000708699
_eLIBRO
_fc.2
_h93549
_i87205
_kDonaciØn
_sb
949 _a631.4063 C7 1995
_bBC
_cLIBRO
_d33724000708707
_eLIBRO
_h93548
_i87205
_kDonaciØn
_sb
999 _c76624
_d76624